000 00477 a2200109 4500
082 _a624.18341 ACI
245 _aHigh-performance fiber-reinforced concrete in infrastructural repair and retrofit /
_ceditors, Neven Krstulovic-Opara, Ziad Bayasi.
260 _aFarmington Hills, Mich. :
_bAmerican Concrete Institute,
_cc2000.
300 _avii, 251 p. :
_bill. ;
_c23 cm.
650 _aFiber-reinforced concrete
650 _aReinforced concrete construction
_xMaintenance and repair
830 0 _aPublication SP ;
999 _c1342
_d1342